[Event "AUTO-BEG-08"]
[Site "http://www.queenalice.com/game.php?id=36540"]
[Date "2005.11.5"]
[Round "1"]
[White "BrenoA"]
[Black "aquinas"]
[Result "0-1"]
[WhiteElo "1451"]
[BlackElo "1314"]

1. e4 e5 2. d4 d5 3. dxe5 d4 4. Bb5+ Nc6 5. e6 Bxe6 6. Nd2 a6 7. Ba4 b5 8. Bb3
Bb4 9. c3 dxc3 10. bxc3 Bxc3 11. Rb1 Nf6 12. Nf3 Nxe4 13. Qc2 Bf5 14. a4 Qe7 15.
axb5 Ng3+ 16. Kd1 Bxc2+ 17. Kxc2 Nxh1 18. Kxc3 axb5 19. Bd5 Qc5+ 20. Kd3 Qxd5+
21. Ke2 Qc5 22. Ne4 Qc2+ 23. Ned2 Rd8 24. Rxb5 O-O 25. Rb2 Rfe8+ 0-1

[Event "AUTO-BEG-08"]
[Site "http://www.queenalice.com/game.php?id=36553"]
[Date "2005.11.5"]
[Round "1"]
[White "BrenoA"]
[Black "qwerty"]
[Result "0-1"]
[WhiteElo "1342"]
[BlackElo "1451"]

1. e4 d5 2. Bb5+ c6 3. Ba4 e6 4. exd5 exd5 5. Nf3 Qe7+ 6. Qe2 Qxe2+ 7. Kxe2 Bg4
8. h3 Bxf3+ 9. Kxf3 Nf6 10. Re1+ Be7 11. Nc3 b5 12. Nxb5 cxb5 13. Bxb5+ Kd8 14.
Bc6 Nxc6 15. d4 Nxd4+ 16. Ke3 Nxc2+ 17. Ke2 Nxe1 18. Kxe1 Bb4+ 19. Ke2 Re8+ 20.
Kf3 d4 21. Bg5 h6 22. a3 Bc5 23. Bxf6+ gxf6 24. Rc1 Rc8 25. b4 Bxb4 26. Ra1 Rc3+
27. Kg4 Rxa3 28. Rb1 Rg8+ 29. Kh5 Bd2 30. Rb8+ Ke7 31. Rxg8 Bg5 32. h4 Ra2 33.
hxg5 hxg5 34. Rb8 d3 35. Rb7+ Ke6 36. Kh6 Rxf2 37. Rxa7 d2 38. Ra6+ Kf5 39. Ra5+
Ke4 40. Ra4+ Ke3 41. Ra3+ Ke2 0-1

[Event "AUTO-BEG-08"]
[Site "http://www.queenalice.com/game.php?id=36554"]
[Date "2005.11.5"]
[Round "1"]
[White "qwerty"]
[Black "BrenoA"]
[Result "1-0"]
[WhiteElo "1490"]
[BlackElo "1506"]

1. e4 e5 2. Nf3 d6 3. d4 exd4 4. Qxd4 c5 5. Qc3 Bg4 6. e5 dxe5 7. Bb5+ Nc6 8.
Bxc6+ bxc6 9. Qxe5+ Be7 10. Qxg7 Qa5+ 11. c3 Bf6 12. Qxg4 Nh6 13. Qe4+ Kd8 14.
O-O Re8 15. Qxc6 Bg7 16. Bg5+ f6 17. Bxh6 Bxh6 18. Qxf6+ Kd7 19. Rd1+ Kc8 20.
Qxh6 Re2 21. Qf8+ Kb7 22. Rd7+ Ka6 23. Qxa8 Qb6 24. Nbd2 Qxb2 25. Qxa7+ Kb5 26.
Rb7+ Kc6 27. Rxb2 h5 28. Qb6+ Kd5 29. Qb7+ Kd6 30. Nc4+ Ke6 31. Rxe2+ 1-0

[Event "Challenge"]
[Site "http://www.queenalice.com/game.php?id=39133"]
[Date "2005.11.22"]
[Round "-"]
[White "BrenoA"]
[Black "csparrow"]
[Result "0-1"]
[WhiteElo "1479"]
[BlackElo "2077"]

1. e4 c5 2. d3 Nc6 3. Nc3 g6 4. Bg5 Bg7 5. Nd5 Bxb2 6. Rb1 Bg7 7. c4 h6 8. Bf4
d6 9. h3 e6 10. Nc3 Bxc3+ 11. Ke2 Nd4+ 12. Ke3 e5 13. Qa4+ Bd7 14. Qb3 exf4+ 15.
Kxf4 Qg5# 0-1

[Event "Let's Play Chess!"]
[Site "http://www.queenalice.com/game.php?id=39169"]
[Date "2005.11.23"]
[Round "-"]
[White "webtiger"]
[Black "BrenoA"]
[Result "1-0"]
[WhiteElo "1075"]
[BlackElo "1498"]

1. Nc3 e5 2. e4 Bc5 3. a3 a5 4. Bc4 c6 5. Qf3 f6 6. d3 Ne7 7. Bh6 gxh6 8. Qh5+
Ng6 9. Qxh6 d5 10. exd5 cxd5 11. Bxd5 a4 12. Rd1 Na6 13. h4 Qb6 14. Nxa4 Bxf2+
15. Kf1 Nc7 16. Nxb6 Bg4 17. Qg7 Bxb6 18. Qf7+ Kd8 19. Qxf6+ Ke8 20. Bf7+ Kd7
21. Re1 Rhf8 22. Re4 Bd1 23. d4 Bxc2 24. Nf3 Bxe4 25. dxe5 Bd3+ 26. Ke1 Ba5+ 27.
b4 Bb6 28. Ng5 Nd5 29. Qe6+ Kd8 30. Qxd5+ Kc7 31. Ne6+ Kc8 32. Bxg6 Bf2+ 33. Kd2
Bxg6 34. Rc1+ Kb8 35. Rc7 Bxh4 36. Qxb7# 1-0

[Event "Let's Play Chess!"]
[Site "http://www.queenalice.com/game.php?id=39224"]
[Date "2005.11.23"]
[Round "-"]
[White "at_5_am"]
[Black "BrenoA"]
[Result "1-0"]
[WhiteElo "1500"]
[BlackElo "1498"]

1. Nf3 Nf6 2. b3 d5 3. e3 e6 4. Ne5 d4 5. Bb2 Bd6 6. Bxd4 c5 7. Bc3 O-O 8. Bd3
Nh5 9. Qxh5 g6 10. Qh6 Nd7 11. Nxd7 Qxd7 12. Qg7# 1-0

[Event "Let's Play Chess!"]
[Site "http://www.queenalice.com/game.php?id=39493"]
[Date "2005.11.24"]
[Round "-"]
[White "melchior"]
[Black "BrenoA"]
[Result "1-0"]
[WhiteElo "1547"]
[BlackElo "1513"]

1. c4 c5 2. e3 e5 3. Nf3 d6 4. Nc3 f6 5. d4 exd4 6. exd4 Qe7+ 7. Be2 cxd4 8.
Qxd4 Nc6 9. Qd1 g5 10. O-O g4 11. Nh4 f5 12. g3 a6 13. Re1 b5 14. cxb5 axb5 15.
Bxb5 Be6 16. Bxc6+ Kd8 17. Bxa8 Kc7 18. Nb5+ Kb6 19. Nd4 Qd8 20. Nxe6 Qxa8 21.
Nxf8 Qxf8 22. Be3+ Kc6 23. Rc1+ Kd7 24. Qa4+ Ke7 25. Bh6+ Kf7 26. Bxf8 Kxf8 27.
Nxf5 Nf6 28. Qa8+ Ne8 29. Qxe8# 1-0

[Event "Challenge"]
[Site "http://www.queenalice.com/game.php?id=40842"]
[Date "2005.12.1"]
[Round "-"]
[White "BrenoA"]
[Black "zecafernandes"]
[Result "0-1"]
[WhiteElo "1506"]
[BlackElo "1186"]

1. e4 e5 2. Nf3 Nc6 3. Bc4 h6 4. c3 Nf6 5. Qb3 Na5 6. Bxf7+ Ke7 7. Qa4 b6 8.
Nxe5 d6 9. Qb4 Be6 10. Ng6+ Kxf7 11. Nxh8+ Kg8 12. Ng6 Nc6 13. Qb5 Ne5 14. Nxe5
dxe5 15. d4 Nxe4 16. O-O a6 17. Qc6 Bd5 18. Qa4 Qf6 19. Rd1 Qxf2+ 20. Kh1 Nxc3
21. Nxc3 Qxg2# 0-1

[Event "AUTO-OPEN-185"]
[Site "http://www.queenalice.com/game.php?id=41252"]
[Date "2005.12.3"]
[Round "1"]
[White "BrenoA"]
[Black "claudesuzuki"]
[Result "0-1"]
[WhiteElo "1498"]
[BlackElo "1163"]

1. Nf3 d5 2. d4 e6 3. g4 Bd6 4. Ng5 h6 5. Nf3 Bb4+ 6. c3 Bd6 7. b4 Nf6 8. g5 Ng4
9. h3 hxg5 10. hxg4 Rxh1 0-1

[Event "AUTO-OPEN-185"]
[Site "http://www.queenalice.com/game.php?id=41253"]
[Date "2005.12.3"]
[Round "1"]
[White "claudesuzuki"]
[Black "BrenoA"]
[Result "1-0"]
[WhiteElo "1192"]
[BlackElo "1469"]

1. e4 e5 2. Qf3 f6 3. g4 g5 4. Nc3 Bc5 5. Bc4 Ne7 6. Nd5 c6 7. Nxe7 Qxe7 8. Qb3
d5 9. exd5 cxd5 10. Bxd5 a6 11. Nf3 1-0

[Event "AUTO-OPEN-185"]
[Site "http://www.queenalice.com/game.php?id=41254"]
[Date "2005.12.3"]
[Round "1"]
[White "BrenoA"]
[Black "ivan_at"]
[Result "0-1"]
[WhiteElo "1425"]
[BlackElo "1443"]

1. Nf3 c5 2. c4 Nc6 3. d3 g6 4. g4 d6 5. h3 Be6 6. Be3 Bg7 7. Nc3 Qb6 8. Na4
Qa5+ 9. Bd2 Qc7 10. Ng5 Nd4 11. e3 Nc6 12. d4 cxd4 13. exd4 Nxd4 14. Be3 Bxc4
0-1

[Event "AUTO-OPEN-185"]
[Site "http://www.queenalice.com/game.php?id=41255"]
[Date "2005.12.3"]
[Round "1"]
[White "ivan_at"]
[Black "BrenoA"]
[Result "1-0"]
[WhiteElo "1426"]
[BlackElo "1442"]

1. e4 e5 2. Nf3 d6 3. d4 exd4 4. Nxd4 c5 5. Nf3 Qa5+ 6. Nbd2 Nf6 7. c3 d5 8.
exd5 Nxd5 9. Nc4 Qa6 10. Qxd5 Be6 11. Qe4 b5 12. Qxa8 Qc8 13. Nce5 b4 14. Bb5+
1-0

[Event "AUTO-OPEN-185"]
[Site "http://www.queenalice.com/game.php?id=41256"]
[Date "2005.12.3"]
[Round "1"]
[White "BrenoA"]
[Black "mav40121"]
[Result "0-1"]
[WhiteElo "1410"]
[BlackElo "1749"]

1. Nf3 d5 2. d4 Bf5 3. Nc3 e6 4. Ne5 f6 5. Nf3 Bb4 6. a3 Bxc3+ 7. bxc3 Ne7 8. e3
Qd6 9. c4 c6 10. c5 Qc7 11. Bd3 Bxd3 12. cxd3 Nd7 13. e4 O-O 14. a4 b5 0-1

[Event "AUTO-OPEN-185"]
[Site "http://www.queenalice.com/game.php?id=41257"]
[Date "2005.12.3"]
[Round "1"]
[White "mav40121"]
[Black "BrenoA"]
[Result "1-0"]
[WhiteElo "1751"]
[BlackElo "1408"]

1. e4 e5 2. Nf3 d6 3. Bc4 Nf6 4. d3 a6 5. Bg5 b5 6. Bb3 h6 7. Bh4 g5 8. Bg3 c5
9. Nbd2 d5 10. exd5 Bd6 11. c4 bxc4 12. dxc4 e4 13. Bxd6 Nbd7 14. Ba4 1-0

[Event "AUTO-INT-59"]
[Site "http://www.queenalice.com/game.php?id=41372"]
[Date "2005.12.3"]
[Round "1"]
[White "araujoime"]
[Black "BrenoA"]
[Result "1-0"]
[WhiteElo "1298"]
[BlackElo "1406"]

1. e4 e5 2. Qf3 Nf6 3. Nh3 Bb4 4. c3 Ba5 5. b4 Bb6 6. Bc4 c6 7. Ng5 a5 8. Nxf7
Qe7 9. Nxh8 axb4 10. cxb4 Ra4 11. Bg8 Qf8 12. Bf7+ Qxf7 13. Nc3 Qh5 14. h3 Qh4
15. Nxa4 1-0

[Event "AUTO-INT-59"]
[Site "http://www.queenalice.com/game.php?id=41373"]
[Date "2005.12.3"]
[Round "1"]
[White "BrenoA"]
[Black "araujoime"]
[Result "0-1"]
[WhiteElo "1386"]
[BlackElo "1318"]

1. Nf3 h5 2. d4 Nf6 3. h4 Ne4 4. g3 e6 5. e3 Bb4+ 6. c3 Bd6 7. g4 hxg4 8. Ne5
Rxh4 9. Rxh4 Qxh4 10. Qxg4 Qh7 11. Nf3 Nf6 12. Ng5 Qh1 13. Qg2 Qh4 14. Nf3 Qh6
15. b4 a6 0-1